| 000 | 00000nam##2200000za#4500 |
| 001 | 9.696586 |
| 003 | CaOODSP |
| 005 | 20250319164423 |
| 007 | cr ||||||||||| |
| 008 | 150407|1996||||xxc|||||o f|0| 0 eng|d |
| 040 | |aCaOODSP|beng |
| 043 | |an-cn--- |
| 086 | 1 |aH68-38/1996E-PDF |
| 110 | 1 |aCanada.|bNational Council of Welfare. |
| 245 | 12|aA guide to the proposed seniors benefit |h[electronic resource] |
| 260 | |aOttawa - Ontario : |bNational Council of Welfare |cSummer 1996. |
| 300 | |a39p.|bgraphs, tables |
| 500 | |aContents: Introduction.--The 1996 budget and benefits for seniors.--The overall impact of the proposals.--Questions and concerns about the federal proposals.--Conclusion and recommendations.--Appendix. |
| 500 | |aThe catalogue number (H68-38/1996E) and ISBN (0-662-24703-5) for the print edition have been incorrectly copied in this electronic publication. Includes errata. |
| 590 | |a12-36-Supp|b2012-08-22 |
| 690 | 07|aSeniors|2gcpds |
| 690 | 07|aSocial programs|2gcpds |
| 775 | 08|tGuide relatif à la prestation aux aîné(e)s |w(CaOODSP)9.640696 |
| 776 | 0#|tA guide to the proposed seniors benefit : |w(CaOODSP)9.646252 |
| 856 | 40|ahttp://publications.gc.ca|qPDF|s1.05 MB|uhttps://publications.gc.ca/collections/collection_2012/cnb-ncw/H68-38-1996-eng.pdf |